Health and Yoga (Record no. 56726)
[ view plain ]
| 000 -LEADER | |
|---|---|
| fixed length control field | 00287nam a22001337a 4500 |
| 003 - CONTROL NUMBER IDENTIFIER | |
| control field | OSt |
| 005 - DATE AND TIME OF LATEST TRANSACTION | |
| control field | 20230610050339.0 |
| 008 - FIXED-LENGTH DATA ELEMENTS--GENERAL INFORMATION | |
| fixed length control field | 230610b |||||||| |||| 00| 0 eng d |
| 040 ## - CATALOGING SOURCE | |
| Transcribing agency | sero soft |
| 100 ## - MAIN ENTRY--PERSONAL NAME | |
| Personal name | Dabas Dr. Sunil |
| 245 ## - TITLE STATEMENT | |
| Title | Health and Yoga |
| 300 ## - PHYSICAL DESCRIPTION | |
| Extent | 220 |
| 942 ## - ADDED ENTRY ELEMENTS (KOHA) | |
| Source of classification or shelving scheme | |
| Koha item type | Text-Book- for 7 days |
| Withdrawn status | Lost status | Source of classification or shelving scheme | Damaged status | Not for loan | Home library | Current library | Date acquired | Source of acquisition | Inventory number | Total Checkouts | Barcode | Date last seen | Price effective from | Koha item type |
|---|---|---|---|---|---|---|---|---|---|---|---|---|---|---|
| IIMT University College of Education-B.P.Ed | IIMT University College of Education-B.P.Ed | 06/10/2023 | Sports Publication New Delhi. | SP/IN/23767-03-06-23 | 17-B-3520 | 06/10/2023 | 06/10/2023 | Text-Book- for 7 days |

